<?xml version="1.0" encoding="UTF-8"?>
<record
    xmlns:xsi="http://www.w3.org/2001/XMLSchema-instance"
    xsi:schemaLocation="http://www.loc.gov/MARC21/slim http://www.loc.gov/standards/marcxml/schema/MARC21slim.xsd"
    xmlns="http://www.loc.gov/MARC21/slim">

  <leader>01009cas a2200289 i 4500</leader>
  <controlfield tag="003">CSPC</controlfield>
  <controlfield tag="005">20251211110014.0</controlfield>
  <controlfield tag="008">251211c    2018cauzr p       0    0eng  </controlfield>
  <datafield tag="022" ind1=" " ind2=" ">
    <subfield code="a">1054-7738</subfield>
  </datafield>
  <datafield tag="040" ind1=" " ind2=" ">
    <subfield code="a">CSPC</subfield>
    <subfield code="c">CSPC</subfield>
    <subfield code="e">rda</subfield>
    <subfield code="b">eng</subfield>
  </datafield>
  <datafield tag="245" ind1="0" ind2="0">
    <subfield code="a">Clinical nursing research :</subfield>
    <subfield code="b">an international journal.</subfield>
  </datafield>
  <datafield tag="264" ind1=" " ind2="1">
    <subfield code="a">Los Angeles :</subfield>
    <subfield code="b">SAGE,</subfield>
    <subfield code="c">2019.</subfield>
  </datafield>
  <datafield tag="300" ind1=" " ind2=" ">
    <subfield code="a">volumes :</subfield>
    <subfield code="b">illustrations ;</subfield>
    <subfield code="c">21 cm.</subfield>
  </datafield>
  <datafield tag="336" ind1=" " ind2=" ">
    <subfield code="a">text</subfield>
    <subfield code="2">rdacontent</subfield>
  </datafield>
  <datafield tag="337" ind1=" " ind2=" ">
    <subfield code="a">unmediated</subfield>
    <subfield code="2">rdamedia</subfield>
  </datafield>
  <datafield tag="338" ind1=" " ind2=" ">
    <subfield code="a">volume</subfield>
    <subfield code="2">rdacarrier</subfield>
  </datafield>
  <datafield tag="362" ind1=" " ind2=" ">
    <subfield code="a">Volume 28, Number 1</subfield>
  </datafield>
  <datafield tag="362" ind1=" " ind2=" ">
    <subfield code="a">Volume 28, Number 2</subfield>
  </datafield>
  <datafield tag="362" ind1=" " ind2=" ">
    <subfield code="a">Volume 28, Number 3</subfield>
  </datafield>
  <datafield tag="504" ind1=" " ind2=" ">
    <subfield code="a">Includes bibliographical references.</subfield>
  </datafield>
  <datafield tag="521" ind1=" " ind2=" ">
    <subfield code="a">College of Health and Sciences - CHS </subfield>
  </datafield>
  <datafield tag="650" ind1=" " ind2="0">
    <subfield code="a">Nursing</subfield>
    <subfield code="x">Periodicals.</subfield>
  </datafield>
  <datafield tag="650" ind1=" " ind2="0">
    <subfield code="a">Clinical medicine</subfield>
    <subfield code="x">Periodicals.</subfield>
  </datafield>
  <datafield tag="700" ind1="1" ind2=" ">
    <subfield code="a">Cacchione, Pamela Z.,</subfield>
    <subfield code="e">editor.</subfield>
  </datafield>
  <datafield tag="942" ind1=" " ind2=" ">
    <subfield code="2">ddc</subfield>
    <subfield code="n">0</subfield>
    <subfield code="c">SERIALS</subfield>
    <subfield code="i">C616</subfield>
    <subfield code="k">SER</subfield>
    <subfield code="m">2019</subfield>
  </datafield>
  <datafield tag="952" ind1=" " ind2=" ">
    <subfield code="0">0</subfield>
    <subfield code="1">0</subfield>
    <subfield code="2">ddc</subfield>
    <subfield code="4">0</subfield>
    <subfield code="7">1</subfield>
    <subfield code="a">CSPC</subfield>
    <subfield code="b">CSPC</subfield>
    <subfield code="c">SER</subfield>
    <subfield code="d">2025-11-18</subfield>
    <subfield code="h">January 2019 Volume 28, Number 1</subfield>
    <subfield code="l">0</subfield>
    <subfield code="o">Ser NUR 22 v.28 n.1 2019</subfield>
    <subfield code="p">01297S</subfield>
    <subfield code="r">2025-12-11 11:01:44</subfield>
    <subfield code="t">1-1</subfield>
    <subfield code="w">2025-12-11</subfield>
    <subfield code="y">SERIALS</subfield>
    <subfield code="z">Journal</subfield>
  </datafield>
  <datafield tag="952" ind1=" " ind2=" ">
    <subfield code="0">0</subfield>
    <subfield code="1">0</subfield>
    <subfield code="2">ddc</subfield>
    <subfield code="4">0</subfield>
    <subfield code="7">1</subfield>
    <subfield code="a">CSPC</subfield>
    <subfield code="b">CSPC</subfield>
    <subfield code="c">SER</subfield>
    <subfield code="d">2025-11-18</subfield>
    <subfield code="h">February 2019 Volume 28, Number 2</subfield>
    <subfield code="l">0</subfield>
    <subfield code="o">Ser NUR 22 v.28 n.2 2019</subfield>
    <subfield code="p">01298S</subfield>
    <subfield code="r">2025-12-11 11:02:15</subfield>
    <subfield code="t">1-1</subfield>
    <subfield code="w">2025-12-11</subfield>
    <subfield code="y">SERIALS</subfield>
    <subfield code="z">Journal</subfield>
  </datafield>
  <datafield tag="952" ind1=" " ind2=" ">
    <subfield code="0">0</subfield>
    <subfield code="1">0</subfield>
    <subfield code="2">ddc</subfield>
    <subfield code="4">0</subfield>
    <subfield code="7">1</subfield>
    <subfield code="a">CSPC</subfield>
    <subfield code="b">CSPC</subfield>
    <subfield code="c">SER</subfield>
    <subfield code="d">2025-11-18</subfield>
    <subfield code="h">March 2019 Volume 28, Number 3</subfield>
    <subfield code="l">0</subfield>
    <subfield code="o">Ser NUR 22 v.28 n.3 2019</subfield>
    <subfield code="p">01299S</subfield>
    <subfield code="r">2025-12-11 11:02:55</subfield>
    <subfield code="t">1-1</subfield>
    <subfield code="w">2025-12-11</subfield>
    <subfield code="y">SERIALS</subfield>
    <subfield code="z">Journal</subfield>
  </datafield>
  <datafield tag="999" ind1=" " ind2=" ">
    <subfield code="c">31182</subfield>
    <subfield code="d">31182</subfield>
  </datafield>
</record>
